Cover album rap - Statistiques

Statistiques générales
  • Ce quiz a été pris 155 fois
  • Le résultat moyen est 5 sur 16
Statistiques - réponses
Par images Réponse % Correct
Or noir
91%
J.O.$
69%
Mental
67%
L’homme au bob
63%
Ouest side
60%
Carré
52%
Échelon vol 1
46%
Corleone
38%
Rien à branler
23%
Amicalement vôtre
18%
Nous même
6%
Trop tôt pour mourir
6%
Violent, vulgaire et ravi d'être là
4%
Dans ma grotte
3%
Passage flouté
2%
Second souffle
0%
Aucun quiz correspondant
Distribution des résultats
% des personnes avec chaque résultat
Percentile par nombre de réponses
Votre historique - résultats
Vous n’avez pas pris ce quiz